Normal view
MARC view
Entry Personal Name
001 - CONTROL NUMBER
- control field: 1236251
003 - CONTROL NUMBER IDENTIFIER
- control field: OSt
005 - DATE AND TIME OF LATEST TRANSACTION
- control field: 20260430150030.0
008 - FIXED-LENGTH DATA ELEMENTS
- fixed length control field: 260430|| aca||aabn | a|a d
040 ## - CATALOGING SOURCE
- Original cataloging agency: OSt
- Transcribing agency: OSt
100 ## - HEADING--PERSONAL NAME
- Personal name: Choudhary R.B. Azad Choudhary Au.; Jain Shalin Gu
670 ## - SOURCE DATA FOUND
- Source citation: Work cat.: (OSt)1848778: Choudhary R.B. Azad Choudhary Au.; Jain Shalin Gu., Losgistical interface between economy and conquest: Tradition and Transition in the logistics of Indian warfare, 1556-1800, 2022
